[Event "Hamburg-chB"]
[Site "Hamburg"]
[Date "2010.05.28"]
[Round "7.8"]
[White "Funke, Hermann"]
[Black "Evers, Juergen"]
[Result "0-1"]
[WhiteElo "1480"]
[BlackElo "1468"]
[PlyCount "66"]
[EventDate "2010.05.22"]
[EventType "swiss"]
[EventRounds "9"]
[EventCountry "GER"]
[SourceTitle "EXT 2011"]
[Source "ChessBase"]
[SourceDate "2010.11.26"]
[SourceVersion "1"]
[SourceVersionDate "2010.11.26"]
[SourceQuality "1"]

1. e4 d6 2. d4 Nf6 3. Bd3 g6 4. Nf3 Bg7 5. Be3 Bg4 6. h3 Bxf3 7. Qxf3 c6 8. Nd2 0-0 9. 0-0-0 Nbd7 10. c3 a5 11. g4 Qc7 12. Qg2 Rfb8 13. h4 Nf8 14. h5 b5 15. e5 dxe5 16. dxe5 Qxe5 17. Bd4 Qd5 18. Qh3 c5 19. Bxf6 exf6 20. Be4 Qxa2 21. Bxa8 Rxa8 22. Qf3 Rd8 23. Nb1 Rxd1+ 24. Rxd1 b4 25. Qe3 Qc4 26. h6 Bh8 27. Nd2 Qxg4 28. Qxc5 bxc3 29. Qxc3 Qh5 30. Ne4 Qxh6+ 31. Kc2 Qh4 32. f3 f5 33. Qxa5 fxe4 0-1

[Event "Hamburg-chB"]
[Site "Hamburg"]
[Date "2010.05.26"]
[Round "6.8"]
[White "Evers, Juergen"]
[Black "Ziege, Andreas"]
[Result "1/2-1/2"]
[WhiteElo "1468"]
[BlackElo "1108"]
[PlyCount "184"]
[EventDate "2010.05.22"]
[EventType "swiss"]
[EventRounds "9"]
[EventCountry "GER"]
[SourceTitle "EXT 2011"]
[Source "ChessBase"]
[SourceDate "2010.11.26"]
[SourceVersion "1"]
[SourceVersionDate "2010.11.26"]
[SourceQuality "1"]

1. c4 g6 2. Nc3 Bg7 3. g3 e5 4. Bg2 Nc6 5. e4 d6 6. Nge2 Be6 7. d3 Nf6 8. 0-0 Qd7 9. Be3 Bh3 10. f4 Bxg2 11. Kxg2 Ng4 12. Bd2 exf4 13. Bxf4 Be5 14. Qd2 h5 15. h3 Nf6 16. Bxe5 Nxe5 17. Rxf6 h4 18. Ng1 hxg3 19. Qe3 Ng4 20. hxg4 Qxg4 21. Qf3 Rh2+ 22. Kf1 Rf2+ 23. Qxf2 gxf2 24. Rxf2 Qg3 25. Rf3 Qh2 26. Rf2 Qh5 27. Re1 0-0-0 28. Re3 Qh8 29. Ref3 Qh6 30. Rxf7 Qc1+ 31. Kg2 Rh8 32. Rf8+ Rxf8 33. Rxf8+ Kd7 34. Rf2 Qh6 35. a4 b6 36. Rf3 g5 37. Rh3 Qg6 38. Rg3 g4 39. Nge2 Qg5 40. Kf2 c6 41. Kg2 Qd2 42. Kf2 Qg5 43. Kg1 a6 44. Kf2 a5 45. Kg2 c5 46. Kf2 Qf6+ 47. Kg2 Qg5 48. Kf2 Kc6 49. Kg2 Kb7 50. Kf2 Qf6+ 51. Kg2 Qg5 52. Kf2 Ka6 53. Kg2 Qd2 54. Rxg4 Qxd3 55. Rg6 Qxc4 56. Rxd6 Qg8+ 57. Kh3 Qh7+ 58. Kg4 Qg7+ 59. Kf5 Qf8+ 60. Rf6 Qc8+ 61. Kg6 Qg4+ 62. Kf7 Qd7+ 63. Kg6 Qe8+ 64. Kg5 Qe5+ 65. Kg6 Qe8+ 66. Kg5 c4 67. Kh6 Qh8+ 68. Kg5 Qg7+ 69. Kf5 Qh7+ 70. Kg5 Qg7+ 71. Kf5 Qd7+ 72. Kg5 Qd2+ 73. Kg6 Qd8 74. Nb5 Qe8+ 75. Kg5 Qe5+ 76. Rf5 Qxe4 77. Nec3 Qg2+ 78. Kh6 Qxb2 79. Rf7 Qh2+ 80. Kg7 Qe5+ 81. Kg8 Qg5+ 82. Rg7 Qd8+ 83. Kh7 Qd3+ 84. Kh8 Qd8+ 85. Kh7 Qh4+ 86. Kg8 Qd8+ 87. Kh7 Qh4+ 88. Kg8 Qd8+ 89. Kh7 Qd3+ 90. Kg8 Qd8+ 91. Kh7 Qh4+ 92. Kg8 Qd8+ 1/2-1/2

[Event "Hamburg-chB"]
[Site "Hamburg"]
[Date "2010.05.24"]
[Round "3.4"]
[White "Frackowiak, Stanislaw"]
[Black "Evers, Juergen"]
[Result "1-0"]
[WhiteElo "1378"]
[BlackElo "1468"]
[PlyCount "71"]
[EventDate "2010.05.22"]
[EventType "swiss"]
[EventRounds "9"]
[EventCountry "GER"]
[SourceTitle "EXT 2011"]
[Source "ChessBase"]
[SourceDate "2010.11.26"]
[SourceVersion "1"]
[SourceVersionDate "2010.11.26"]
[SourceQuality "1"]

1. d4 d5 2. c4 e6 3. Nc3 Nf6 4. cxd5 exd5 5. Nf3 Be7 6. Bg5 0-0 7. e3 c6 8. Bd3 h6 9. Bh4 Re8 10. 0-0 Ne4 11. Bxe7 Rxe7 12. Qc2 Nf6 13. Rab1 Be6 14. b4 a6 15. a4 b5 16. Na2 Rc7 17. Nc1 Nbd7 18. Nb3 Nb6 19. Nc5 Nc4 20. Ra1 Qc8 21. Ra2 Nd7 22. Rfa1 Nxc5 23. dxc5 Rca7 24. axb5 cxb5 25. Nd4 Qd7 26. Bf5 Bxf5 27. Qxf5 Qxf5 28. Nxf5 Ne5 29. Nd4 Kf8 30. Kf1 g6 31. Ke2 Ke8 32. Nxb5 Nc6 33. Nxa7 Rxa7 34. Rxa6 Rxa6 35. Rxa6 Nxb4 36. Rd6 1-0